000 00232nam a2200097 a 4500
005 20201002031235.0
008 130409s1981 000 spa d
245 3 _aEl cacaotalero.
260 _aSanto Domingo,
_c1981.
999 _c37857
_d37857
040 _aDO-SdBNP